Hodnotenie skladových procesov

Metóda hodnotenia skladov založená na skúmaní a hodnotení skladových procesov má pomôcť manažmentu skladov pochopiť stav prevádzkových procesov v sklade a možnosti jeho zlepšenia. Metóda sleduje úroveň prevádzky v 10 kategóriách:1. Zákaznícky servis 2. Riadiaci systém 3. Primeranosť zásob 4. Využit...

Description complète

Enregistré dans:
Détails bibliographiques
Auteur principal: Bednár, Andrej
Format: Chapitre de livre
Langue:slovaque
Sujets:
Tags: Ajouter un tag
Pas de tags, Soyez le premier à ajouter un tag!

MARC

LEADER 00000naa$a2200000$$$4500
001 0056947
005 20231108134006.3
041 0 |a slo 
044 |a SK 
245 1 0 |a Hodnotenie skladových procesov  |c Andrej Bednár 
520 |a Metóda hodnotenia skladov založená na skúmaní a hodnotení skladových procesov má pomôcť manažmentu skladov pochopiť stav prevádzkových procesov v sklade a možnosti jeho zlepšenia. Metóda sleduje úroveň prevádzky v 10 kategóriách:1. Zákaznícky servis 2. Riadiaci systém 3. Primeranosť zásob 4. Využitie priestoru 5. Produktivita práce 6. Usporiadanie skladu 7. Vhodnosť použitých zariadení v sklade 8. Využitie zariadení 9. Vybavenie budov 10. Poriadok a bezpečnosť. Výpočet indexu výkonnosti (PI - performance index). 
610 2 0 |a sklady 
610 2 0 |a skladovanie 
610 2 0 |a hospodárstvo skladové 
610 2 0 |a tovar 
610 2 0 |a manipulácia s tovarom 
610 2 0 |a zásoby 
610 2 0 |a servis 
610 2 0 |a zákazníci 
610 2 0 |a bezpečnosť 
610 2 0 |a technológie informačné 
610 2 0 |a budovy 
610 2 0 |a výkonnosť 
100 1 |a Bednár, Andrej